|
|
|
|
| LEADER |
02019nam a2200289 i 4500 |
| 003 |
GR-PaULI |
| 005 |
20211005085036.0 |
| 008 |
170906m19981999gr ||||g |||| 000 0 gre d |
| 020 |
|
|
|a 9603444480 (τ. 1)
|
| 020 |
|
|
|a 9603446289 (τ. 1.2)
|
| 020 |
|
|
|a 960344670Χ (τ. 2.2)
|
| 040 |
|
|
|a GR-PaULI
|b gre
|c GR-PaULI
|e AACR2
|
| 082 |
0 |
4 |
|2 23
|a 324.249 5
|
| 100 |
1 |
|
|9 3443
|a Κωστόπουλος, Σωτήρης Γ.,
|d 1943-
|e συγγραφέας
|
| 245 |
1 |
2 |
|a Η προδομένη αλλαγή /
|c Σωτήρης Κωστόπουλος.
|
| 260 |
|
|
|a Αθήνα :
|b Ελληνικά Γράμματα,
|c 1998-1999.
|
| 300 |
|
|
|a 2 τ. ;
|c 21 εκ.
|
| 500 |
|
|
|a Τ. 1. - 523 σ. - 1998 ; τ. 2.1. - 9-510 σ. - 1999 ; τ. 2.2. - 9-293 σ. - 1999.
|
| 505 |
0 |
|
|a Τ.1. Η μεγάλη στροφή προς το ρεαλισμό. Το ΠΑΣΟΚ πριν ... τη Δήμητρα -- τ. 2.1. Η κυβερνητική εξουσία μεταλλάσσει τη σοσιαλιστική φυσιογνωμία του ΠΑΣΟΚ -- τ. 2.2. Η κυβερνητική εξουσία μεταλλάσσει τη σοσιαλιστική φυσιογνωμία του ΠΑΣΟΚ.
|
| 610 |
2 |
4 |
|9 16534
|a Πανελλήνιο Σοσιαλιστικό Κίνημα
|
| 650 |
|
4 |
|a Πολιτικά κόμματα
|z Ελλάδα
|9 16533
|
| 942 |
|
|
|2 ddc
|c BK15
|
| 952 |
|
|
|0 0
|1 0
|2 ddc
|3 τ.1
|4 0
|6 324_249000000000000_5_ΚΩΣ
|7 0
|9 214737
|a LISP
|b LISP
|c DON
|d 2017-09-06
|e ΔΙΑ
|i 087848
|l 0
|o 324.249 5 ΚΩΣ
|p 025000152148
|r 2017-09-06 00:00:00
|t 1
|v 2017.00
|w 2017-09-06
|y BKN
|
| 952 |
|
|
|0 0
|1 0
|2 ddc
|3 τ.2.1
|4 0
|6 324_249000000000000_5_ΚΩΣ
|7 0
|9 214738
|a LISP
|b LISP
|c DON
|d 2017-09-06
|e ΔΙΑ
|i 088338
|l 0
|o 324.249 5 ΚΩΣ
|p 025000151425
|r 2017-09-06 00:00:00
|t 1
|v 2017.00
|w 2017-09-06
|y BKN
|
| 952 |
|
|
|0 0
|1 0
|2 ddc
|3 τ.2.2
|4 0
|6 324_249000000000000_5_ΚΩΣ
|7 0
|9 214739
|a LISP
|b LISP
|c DON
|d 2017-09-06
|e ΔΙΑ
|i 088357
|l 0
|o 324.249 5 ΚΩΣ
|p 025000151431
|r 2017-09-06 00:00:00
|t 1
|v 2017.00
|w 2017-09-06
|y BKN
|
| 998 |
|
|
|c ΒΑΣΙΛΕΙΟΥ
|d 2017-09
|
| 999 |
|
|
|c 130490
|d 130490
|